| 000 | 00654nam a2200241Ia 4500 | ||
|---|---|---|---|
| 003 | 0100 | ||
| 005 | 20160818091315.0 | ||
| 008 | 130303s9999 xx 000 0 und d | ||
| 020 | _a0826404014 | ||
| 040 | _cARRUPELIB | ||
| 050 | _aB3248.G321T7 1982 | ||
| 100 |
_aGadamer, Hans-Georg _925215 |
||
| 245 | _aTruth and method | ||
| 250 | _a2nd revised edition | ||
| 260 |
_aNew York _bCrossroad _c1982 |
||
| 300 | _a594p. | ||
| 300 | _b 23cm. | ||
| 650 |
_bSpiritual exercises -- Commentaries _99369 |
||
| 650 |
_bHumanities _xMethodology _922396 |
||
| 650 |
_bAeslthetics _925216 |
||
| 650 |
_bHermeneutics _925217 |
||
| 942 | 0 | 0 |
_018 _2lcc _cMONOGRAPH |
| 999 |
_c22038 _d22038 |
||